000 00623nam a2200229Ia 4500
003 OSt
005 20220918105437.0
006 a|||||r|||| 00| 0
007 ta
008 220915b |||||||| |||| 00| 0 san d
024 _a94,206
037 _cReference Collections
040 _aARTS
_cARTS
_bsan
041 _2san
_asan
082 _aR6947x1,1,1, M8(RR))
100 _aPandeya Raghunath Au.
_91399
245 0 _aMadhyamakasatram of Nagarjuna
260 _c1985
300 _a272p.
942 _hR6947x1,1,1, M8(RR))
_cREF
999 _c107280
_d107280